000 00437nam a2200181Ia 4500
001 22287
005 20260414150821.0
008 260414t2014||||xx |||||||||||||| ||spa||
041 _aESP
082 _a621.31
_bH43
100 _aHernández, A.
_eAUT
245 0 _aProblemas resueltos de electrotecnia
_b
260 _c2014
300 _aviii, 323 páginas :
_c23 cm.
650 _aTCA
654 _aCET
942 _cLIB
_dJUS
_fJUS
_2ddc
_n
999 _c22287
_d22287